Can you name the members of X-Force Quiz Stats

 Plays Quiz not verified by Sporcle

Challenge
Share
Tweet
Embed
Score 0/31 Timer 06:00
0 Plays Today
Era Joined Character % Correct
OriginalCable
97.9%
Uncanny X-ForceWolverine
95.8%
Uncanny X-ForceArchangel
95.3%
OriginalCannonball
94.2%
Uncanny X-Force Deadpool
92.6%
OriginalWarpath
92.2%
OriginalBoom Boom
89.7%
2007 RelaunchWolfsbane
89%
1990's RecruitsSunspot
88.9%
1990's RecruitsMoonstar
87.9%
1990's RecruitsDomino
87.8%
1990's RecruitsSiryn
85.3%
1990's RecruitsRictor
83.2%
OriginalFeral
76.4%
OriginalShatterstar
76.1%
2007 RelaunchX-23
75.3%
Era Joined Character % Correct
Uncanny X-ForcePsylocke
72.7%
OriginalCopycat
67.2%
1990's RecruitsPete Wisdom
67%
2007 RelaunchElixir
65.8%
2007 RelaunchVanisher
65%
X-Men Second ComingCypher
61.8%
Uncanny X-ForceFantomex
60.7%
X-Force AlliesAdam X
60.2%
Uncanny X-ForceEVA
53.6%
1990's RecruitsBedlam
52%
X-Force AlliesLila Cheney
50.7%
2007 RelaunchHepzibah
50.3%
1990's RecruitsCaliban
48.7%
X-Force AlliesThornn
42%
X-Force AlliesRisque
35.1%

You're not logged in!

Compare scores with friends on all Sporcle quizzes.
Join for Free
OR
Log In

You Might Also Like...

Show Comments

Extras

Top Quizzes Today


Score Distribution

Your Account Isn't Verified!

In order to create a playlist on Sporcle, you need to verify the email address you used during registration. Go to your Sporcle Settings to finish the process.

Report this User

Report this user for behavior that violates our Community Guidelines.

Details: